| 000 | 00471nam a2200169 4500 | ||
|---|---|---|---|
| 001 | 113531 | ||
| 003 | ES-MaACL | ||
| 005 | 20250901063403.0 | ||
| 007 | t| | ||
| 008 | 061121s1964 sp r ||||1| spa d | ||
| 245 | 0 | 0 |
_aDe Nochebuena a Reyes _b: cuentos. |
| 260 |
_aAstorga : _bRadio Popular de Astorga, _c1964. |
||
| 300 |
_a56 p., 1 lám. ; _c18 cm. |
||
| 710 | 2 |
_aRadio Popular (Astorga) _96283 |
|
| 852 |
_aES-MaACL _jC-31183 _bR.55441 |
||
| 999 |
_c113531 _d113531 |
||